000 00659nam a2200205Ii 4500
003 JO-AjNU
008 230605s9999||||xx |||||||||||||| ||und||
017 _a2012/11/4154
040 _aJO-AjNU
_bara
_erda
_cJO-AjNU
041 _aara
050 1 4 _aQR72.5.H33 2012
100 3 _aحبايب، حزامة ,
_eauthor
_961118
245 0 0 _aاكتشاف الجرثومة
264 3 1 _aعمان: وزارة الثقافه، 2012
300 _a217ص
_bيحتوي على صور توضيحية
336 _atext
_btxt
_2rdacontent
337 _aunmediated
_bn
_2rdamedia
338 _avolume
_bnc
_2rdacarrier
650 4 _aالجراثيم- الاحياء
_961119
999 _aA27606
_c31174
_d31174